|
|
|
|
| LEADER |
01784nam a2200397 i 4500 |
| 001 |
EBC5554998 |
| 003 |
MiAaPQ |
| 005 |
20200520144314.0 |
| 006 |
m o d | |
| 007 |
cr cnu|||||||| |
| 008 |
181030s2019 ne o 000 0 eng d |
| 020 |
|
|
|z 9789004320109
|
| 020 |
|
|
|a 9789004320123 (e-book)
|
| 035 |
|
|
|a (MiAaPQ)EBC5554998
|
| 035 |
|
|
|a (Au-PeEL)EBL5554998
|
| 035 |
|
|
|a (OCoLC)1057694910
|
| 040 |
|
|
|a MiAaPQ
|b eng
|e rda
|e pn
|c MiAaPQ
|d MiAaPQ
|
| 043 |
|
|
|a e-uk-en
|
| 050 |
|
4 |
|a HD8399.L36
|b .R434 2019
|
| 082 |
0 |
|
|a 331.11094276090411
|2 23
|
| 100 |
1 |
|
|a Redfern, Neil,
|e author.
|
| 245 |
1 |
0 |
|a Social-imperialism in Britain :
|b the Lancashire working class and two World Wars /
|c by Neil Redfern.
|
| 264 |
|
1 |
|a Leiden, The Netherlands ;
|a Boston :
|b Brill,
|c 2019.
|
| 300 |
|
|
|a 1 online resource (279 pages).
|
| 336 |
|
|
|a text
|b txt
|2 rdacontent
|
| 337 |
|
|
|a computer
|b c
|2 rdamedia
|
| 338 |
|
|
|a online resource
|b cr
|2 rdacarrier
|
| 490 |
1 |
|
|a Historical materialism book series ;
|v Volume 171
|
| 588 |
|
|
|a Description based on print version record.
|
| 590 |
|
|
|a Electronic reproduction. Ann Arbor, MI : ProQuest, 2018. Available via World Wide Web. Access may be limited to ProQuest affiliated libraries.
|
| 650 |
|
0 |
|a Working class
|z England
|z Lancashire
|x History
|y 20th century.
|
| 655 |
|
4 |
|a Electronic books.
|
| 776 |
0 |
8 |
|i Print version:
|a Redfern, Neil.
|t Social-imperialism in Britain : the Lancashire working class and two World Wars.
|d Leiden, The Netherlands ; Boston : Brill, 2019
|h 279 pages
|k Historical materialism book series ; Volume 171.
|z 9789004320109
|
| 797 |
2 |
|
|a ProQuest (Firm)
|
| 830 |
|
0 |
|a Historical materialism book series ;
|v Volume 171.
|
| 856 |
4 |
0 |
|u https://ebookcentral.proquest.com/lib/matrademy/detail.action?docID=5554998
|z Click to View
|